000
00305cam a22001211 4500
020
_a
9780064401487
100
1
_a
MacDonald, Betty Bard.
245
1
0
_a
Mrs. Piggle-Wiggle's magic;
250
_a
[1st ed.]
260
_a
Philadelphia,
_b
J.B. Lippincott Co.
_c
[1949]
300
_a
126 p.
_b
illus.
942
_c
BK
999
_c
266115
_d
266114